Budget speech for the fiscal year 2001/2002 (1st July-30thJune) / (Record no. 13628)
[ view plain ]
| 000 -LEADER | |
|---|---|
| fixed length control field | 00609cam a22001932 4500 |
| 001 - CONTROL NUMBER | |
| control field | 0000013302 |
| 005 - DATE AND TIME OF LATEST TRANSACTION | |
| control field | 20151217155856.0 |
| 008 - FIXED-LENGTH DATA ELEMENTS--GENERAL INFORMATION | |
| fixed length control field | 090901s xx 000 0 eng d |
| 040 ## - CATALOGING SOURCE | |
| Original cataloging agency | KABU |
| Transcribing agency | KABU |
| 110 2# - MAIN ENTRY--CORPORATE NAME | |
| Corporate name or jurisdiction name as entry element | Kenya. |
| -- | 0000150215 |
| 245 10 - TITLE STATEMENT | |
| Title | Budget speech for the fiscal year 2001/2002 (1st July-30thJune) / |
| Statement of responsibility, etc. | Chrysanthus B. Okemo, Minister for Finance. |
| 250 ## - EDITION STATEMENT | |
| Edition statement | 1st ed. |
| 260 ## - PUBLICATION, DISTRIBUTION, ETC. (IMPRINT) | |
| Place of publication, distribution, etc. | Nairobi : |
| Name of publisher, distributor, etc. | Govt. Printer, |
| Date of publication, distribution, etc. | 2001. |
| 300 ## - PHYSICAL DESCRIPTION | |
| Extent | 42 p. |
| 700 1# - ADDED ENTRY--PERSONAL NAME | |
| Personal name | Okemo, Chrysanthus B. |
| -- | 0000170501 |
| 852 1# - LOCATION | |
| -- | p150 KES |
| 908 ## - PUT COMMAND PARAMETER (RLIN) | |
| Put command parameter | 090901 |
| 950 ## - LOCAL HOLDINGS (RLIN) | |
| -- | 1 |
| Withdrawn status | Lost status | Source of classification or shelving scheme | Not for loan | Home library | Current library | Date acquired | Total Checkouts | Full call number | Barcode | Date last seen | Price effective from | Koha item type |
|---|---|---|---|---|---|---|---|---|---|---|---|---|
| Library of Congress Classification | Kabarak, Main Campus | Kabarak, Main Campus | 17/12/2015 | HJ2180.5 .K46 2001 | 18026 | 17/12/2015 | 17/12/2015 | Africana Collection |